书目信息 |
| 题名: |
科学学译文集
|
|
| 作者: | ;中国社会科学院情报研究所 编 | |
| 分册: | ||
| 出版信息: | 北京 科学出版社 1980 |
|
| 页数: | 383页 | |
| 开本: | 19cm | |
| 丛书名: | ||
| 单 册: | ||
| 中图分类: | N01 | |
| 科图分类: | ||
| 主题词: | 科学学--文集 , 科技政策 , 自然科学--科学研究--方针政策 , 自然科学--科学研究--方针 , 科学技术方针 , 自然科学--科学研究--法令 , 自然科学--科学研究--政策 | |
| 电子资源: | ||
| ISBN: | ||
| 000 | 00901nam0 2200313 45 | |
| 001 | 0180002379 | |
| 005 | 20040517093513.6 | |
| 010 | @dCNY1.50 | |
| 091 | @a13021.1215 | |
| 100 | @a19950420d1980 em y0chiy0121 ea | |
| 101 | 0 | @achi |
| 102 | @aCN@b110000 | |
| 105 | @ay z 000yy | |
| 106 | @ar | |
| 200 | 10 | @a科学学译文集@Ake xue xue yi wen ji@f中国社会科学院情报研究所编辑 |
| 210 | @a北京@c科学出版社@d1980 | |
| 215 | @a383页@d19cm | |
| 606 | @a科学学@x文集 | |
| 606 | 0 | @a科技政策 |
| 606 | 0 | @a自然科学@x科学研究@x方针政策 |
| 606 | 0 | @a自然科学@x科学研究@x方针 |
| 606 | 0 | @a科学技术方针 |
| 606 | 0 | @a自然科学@x科学研究@x法令 |
| 606 | 0 | @a自然科学@x科学研究@x政策 |
| 690 | @aN01 | |
| 711 | 02 | @a中国社会科学院情报研究所@Azhong guo she hui ke xue yuan qing bao yan jiu suo@4编 |
| 801 | 0 | @aCN@b上海图书馆@c20040517 |
| 801 | 2 | @aCN@bNLC@c20040517 |
| 905 | @f1@b29191@dN01@e5 | |
| 科学学译文集/中国社会科学院情报研究所编辑.-北京:科学出版社,1980 |
| 383页;19cm |
| ISBN :CNY1.50 |
| ● |
| 相关链接 |
|
|
|
|
正题名:科学学译文集
索取号:N01/5
 
预约/预借
| 序号 | 登录号 | 条形码 | 馆藏地/架位号 | 状态 | 备注 |
| 1 | 0029190 | 000563170 | 第二样本阅览室/ [索取号:N01/5] | 在馆 | |
| 2 | 0029191 | 000563152 | 第三借阅区/ [索取号:N01/5] | 在馆 |